Statistics for Marvel Villains A-Z by Picture #1

Click here to take the quiz!

General Stats

  • This quiz has been taken 39 times
  • The average score is 18 of 26

Answer Stats

Answer% Correct
Green Goblin
97%
Loki
97%
Red Skull
97%
Sandman
97%
Thanos
97%
Venom
97%
Carnage
94%
Doctor Doom
94%
Magneto
91%
Ultron
91%
Juggernaut
86%
Abomination
83%
Kang the Conqueror
74%
Yellowjacket
74%
Enchantress
57%
Pyro
57%
Baron Zemo
54%
Fin Fang Foom
43%
High-Evolutionary
43%
Nightmare
43%
Immortus
40%
Onslaught
40%
Whirlwind
37%
Zzzax
29%
X-Ray
26%
Quicksand
23%

Score Distribution

Percentile by Number Answered

Percent of People with Each Score

Your Score History

You have not taken this quiz